<?xml version="1.0" encoding="UTF-8"?>
<collection xmlns="http://www.loc.gov/MARC21/slim">
 <record>
  <leader>02070nam a22002777a 4500</leader>
  <controlfield tag="001">NCT_51196</controlfield>
  <controlfield tag="008">180921b        xxu||||| |||| 00| 0 vie d</controlfield>
  <datafield tag="999" ind1=" " ind2=" ">
   <subfield code="c">2444</subfield>
   <subfield code="d">2444</subfield>
  </datafield>
  <datafield tag="020" ind1=" " ind2=" ">
   <subfield code="a">9786049223822</subfield>
   <subfield code="c">125000</subfield>
  </datafield>
  <datafield tag="082" ind1="0" ind2="4">
   <subfield code="2">23rd ed.</subfield>
   <subfield code="a">332</subfield>
   <subfield code="b">Y254</subfield>
  </datafield>
  <datafield tag="100" ind1="1" ind2=" ">
   <subfield code="a">Bùi Kim Yến</subfield>
   <subfield code="e">Chủ biên</subfield>
  </datafield>
  <datafield tag="245" ind1="1" ind2="0">
   <subfield code="a">Giáo trình thị trường tài chính</subfield>
   <subfield code="c">Bùi Kim Yến (chủ biên) ; Trần Huy Hoàng, Thân Thị Thu Thủy</subfield>
  </datafield>
  <datafield tag="260" ind1=" " ind2=" ">
   <subfield code="a">TP Hồ Chí Minh</subfield>
   <subfield code="b">Kinh tế TP Hồ Chí Minh</subfield>
   <subfield code="c">2016</subfield>
  </datafield>
  <datafield tag="300" ind1=" " ind2=" ">
   <subfield code="a">300 tr.</subfield>
   <subfield code="c">24cm</subfield>
  </datafield>
  <datafield tag="500" ind1=" " ind2=" ">
   <subfield code="a">ĐTTS ghi: Trường Đại học Kinh tế TP Hồ Chí Minh</subfield>
  </datafield>
  <datafield tag="520" ind1=" " ind2=" ">
   <subfield code="a"> Nội dung sách này đem đến cho bạn đọc những kiến thức tổng quan về thị trường tài chính, thị trường tiền tệ, thị trường vốn, thị trường chứng khoán với những chức năng, vai trò, phương thức hoạt động của từng thị trường ... cũng như mối quan hệ hữu cơ giữa chúng</subfield>
  </datafield>
  <datafield tag="653" ind1=" " ind2=" ">
   <subfield code="a">Quản trị kinh doanh</subfield>
  </datafield>
  <datafield tag="700" ind1="1" ind2=" ">
   <subfield code="a">Trần Huy Hoàng</subfield>
  </datafield>
  <datafield tag="700" ind1="1" ind2=" ">
   <subfield code="a">Thân Thị Thu Thủy</subfield>
  </datafield>
  <datafield tag="942" ind1=" " ind2=" ">
   <subfield code="2">ddc</subfield>
   <subfield code="c">BK</subfield>
  </datafield>
  <datafield tag="952" ind1=" " ind2=" ">
   <subfield code="0">0</subfield>
   <subfield code="1">0</subfield>
   <subfield code="2">ddc</subfield>
   <subfield code="4">0</subfield>
   <subfield code="6">332_000000000000000_Y254</subfield>
   <subfield code="7">0</subfield>
   <subfield code="9">14072</subfield>
   <subfield code="a">000001</subfield>
   <subfield code="b">000001</subfield>
   <subfield code="d">2018-09-21</subfield>
   <subfield code="l">1</subfield>
   <subfield code="o">332 Y254</subfield>
   <subfield code="p">MD.13403</subfield>
   <subfield code="r">2019-10-30</subfield>
   <subfield code="s">2019-10-16</subfield>
   <subfield code="v">125000.00</subfield>
   <subfield code="w">2018-09-21</subfield>
   <subfield code="y">BK</subfield>
  </datafield>
  <datafield tag="952" ind1=" " ind2=" ">
   <subfield code="0">0</subfield>
   <subfield code="1">0</subfield>
   <subfield code="2">ddc</subfield>
   <subfield code="4">0</subfield>
   <subfield code="6">332_000000000000000_Y254</subfield>
   <subfield code="7">0</subfield>
   <subfield code="9">14073</subfield>
   <subfield code="a">000001</subfield>
   <subfield code="b">000001</subfield>
   <subfield code="d">2018-09-21</subfield>
   <subfield code="l">2</subfield>
   <subfield code="m">1</subfield>
   <subfield code="o">332 Y254</subfield>
   <subfield code="p">MD.13404</subfield>
   <subfield code="r">2019-12-09</subfield>
   <subfield code="s">2019-12-09</subfield>
   <subfield code="v">125000.00</subfield>
   <subfield code="w">2018-09-21</subfield>
   <subfield code="y">BK</subfield>
  </datafield>
  <datafield tag="952" ind1=" " ind2=" ">
   <subfield code="0">0</subfield>
   <subfield code="1">0</subfield>
   <subfield code="2">ddc</subfield>
   <subfield code="4">0</subfield>
   <subfield code="6">332_000000000000000_Y254</subfield>
   <subfield code="7">0</subfield>
   <subfield code="9">14074</subfield>
   <subfield code="a">000001</subfield>
   <subfield code="b">000001</subfield>
   <subfield code="d">2018-09-21</subfield>
   <subfield code="l">2</subfield>
   <subfield code="o">332 Y254</subfield>
   <subfield code="p">MD.13405</subfield>
   <subfield code="r">2020-11-05</subfield>
   <subfield code="s">2020-10-26</subfield>
   <subfield code="v">125000.00</subfield>
   <subfield code="w">2018-09-21</subfield>
   <subfield code="y">BK</subfield>
  </datafield>
  <datafield tag="952" ind1=" " ind2=" ">
   <subfield code="0">0</subfield>
   <subfield code="1">0</subfield>
   <subfield code="2">ddc</subfield>
   <subfield code="4">0</subfield>
   <subfield code="6">332_000000000000000_Y254</subfield>
   <subfield code="7">0</subfield>
   <subfield code="9">14075</subfield>
   <subfield code="a">000001</subfield>
   <subfield code="b">000001</subfield>
   <subfield code="d">2018-09-21</subfield>
   <subfield code="l">2</subfield>
   <subfield code="o">332 Y254</subfield>
   <subfield code="p">MD.13406</subfield>
   <subfield code="r">2020-11-25</subfield>
   <subfield code="s">2020-11-11</subfield>
   <subfield code="v">125000.00</subfield>
   <subfield code="w">2018-09-21</subfield>
   <subfield code="y">BK</subfield>
  </datafield>
  <datafield tag="952" ind1=" " ind2=" ">
   <subfield code="0">0</subfield>
   <subfield code="1">0</subfield>
   <subfield code="2">ddc</subfield>
   <subfield code="4">0</subfield>
   <subfield code="6">332_000000000000000_Y254</subfield>
   <subfield code="7">0</subfield>
   <subfield code="9">14076</subfield>
   <subfield code="a">000001</subfield>
   <subfield code="b">000001</subfield>
   <subfield code="d">2018-09-21</subfield>
   <subfield code="o">332 Y254</subfield>
   <subfield code="p">MD.13407</subfield>
   <subfield code="r">2018-09-21</subfield>
   <subfield code="v">125000.00</subfield>
   <subfield code="w">2018-09-21</subfield>
   <subfield code="y">BK</subfield>
  </datafield>
  <datafield tag="980" ind1=" " ind2=" ">
   <subfield code="a">Thư viện Trường Đại học Nam Cần Thơ</subfield>
  </datafield>
 </record>
</collection>
